El Padre nuestro : explicado por los Padres de la Iglesia /

Uloženo v:
Podrobná bibliografie
Médium: Kniha
Jazyk:španělština
Vydáno: México : Librería Parroquial de Clavería, fecha no identificada
Témata:
Tagy: Přidat tag
Žádné tagy, Buďte první, kdo vytvoří štítek k tomuto záznamu!

MARC

LEADER 00000nam^a2200000^a^4500
001 000443164
005 20250521000000.0
009 20260526145134.135
037 |a Acervo Xavier Clavigero 
041 |a ESP 
082 |a 220.  |b PAD 
245 0 3 |a El Padre nuestro :  |b explicado por los Padres de la Iglesia /  |c Presen. de Adalberto Hamman ; tr. por Bonifacio Gallego. 
264 1 |a México :  |b Librería Parroquial de Clavería,  |c fecha no identificada 
300 |a 105 p. 
336 |a texto  |b txt  |2 rdacontenido 
337 |a sin mediación  |b n  |2 rdamedio 
338 |a volumen  |b nc  |2 rdasoporte 
649 |a XX 
650 |a Jesucristo -  |x Oraciones 
650 |a Padres de la Iglesia 
650 |a Padre Nuestro -  |x Historia y Crítica -  |x Tema Principal 
650 |a Jesucristo -  |x Oraciones 
650 |a Biblia -  |x Oraciones 
650 |a Oración (Religión) 
650 |a Biblia -  |x Nuevo Testamento -  |x Evangelios -  |x Historia y Crítica -  |x Tema Principal 
650 |a Libros Sagrados -  |x Historia y Crítica 
650 |a Cristianismo 
650 |a Religión 
910 |a Fondo General 
920 |a Impresos - Libros 
930 |a Colección General 
905 |a 101 
901 |a 0500370990  |b IT1  |c ACC  |i D3393  |u 20250521 
901 |a 0500370989  |b IT1  |c ACC  |i D3392  |u 20250521 
902 |a https://opac.biblio.iteso.mx/vufind/Record/000443164